000 00393nam a2200133Ia 4500
008 220204s9999 xx 000 0 und d
082 _a631.8:633
_bTAN;1
100 _aTANDON, H L S
245 0 _aFertilizer management in plantation crops: A guide book
260 _aNew Delhi
_bFAI
_c1988
650 _aPlantation crops fertilizers
650 _aRubber fertilizer recommendation
942 _cBK
999 _c40033
_d40033